Cifrovaja obrabotka mnogomernych signalov

Gespeichert in:
Bibliographische Detailangaben
Format: Buch
Sprache:Russisch
Veröffentlicht: Moskva Mir 1988
Ausgabe:1. izd.
Tags: Tag hinzufügen
Keine Tags, Fügen Sie das erste Tag hinzu!

MARC

LEADER 00000nam a2200000 4500
001 c029891
005 20260130130530.5
041 0 |a rus 
044 |a RU 
245 1 0 |a Cifrovaja obrabotka mnogomernych signalov  |c Dan E. Dudgeon, Russell M. Mersereau ; [Z angl. prel.] V.A. Grigor'jev, K.G. Finogenov 
250 |a 1. izd. 
264 1 |a Moskva  |b Mir  |c 1988 
300 |a 488 s.